000 00291nam a2200109Ia 4500
008 220204s9999 xx 000 0 und d
082 _a535
_byou
100 _aYoung, Hugh D
245 0 _aFundamentals of waves, optics and modern physics
260 _aNew York
_bMcGraw Hill
_c1976
942 _cBK
999 _c25708
_d25708